000 00889nam a22002897a 4500
001 BR0002072
003 BR-BrBNA
005 20230928100635.0
007 ta
008 230509b bl.||||| |||| 00| 0 por d
040 _aBR-BrBNA
_bpor
_cBiblioteca Nacional de Agricultura
041 _a(Por)
072 _aC10; E40
090 _ C10 BR0002072
110 1 _aProjeto Novas Fronteiras da Cooperacao para o Desenvolvimento Sustentavel, Brasilia, DF (Brasil)
_98083
245 1 _aProjeto de educacao associativista e cooperativista na escola rural; sugestoes de atividades
250 1 _a2. ed.
260 3 _aBrasilia, DF (Brasil):
_c1998.
300 _a92 p.
500 _a17 tables; 12 ref.
650 _aProjeto Agricola
650 _aPrograma Educacional
650 _aEducacao Agricola
650 _aCooperativismo
909 _a202309
_bLucia
_c55
_dLucia Elande
942 _cBK
999 _c62149
_d62149